000 00802cam a22002534a 4500
003 OSt
005 20161221103021.0
008 081024s2007 esp spa
020 _a978-84-9022-842-5
040 _cBMC
082 _a611.370
100 1 _aGray, Henry
_913743
_d1825-1861
245 1 0 _aGray anatomía para estudiantes
_cRichard L. Drake, A. Wayne Vogl, Adam W.M. Mitchell
250 _a3ª ed
260 _aMadrid [etc.]
_bElsevier
_ccop. 2015
300 _aXXIII, 1161 p.
_bil. col.
_c28 cm
500 _aÍndice p. 1137-1161
594 _1Traducción de: Gray’s anatomy for students, 1st ed.
650 2 4 _aAnatomía humana
_97938
_xEnseñanza
700 1 _aDrake, Richard‏ L.
_98116
700 1 _aVogl, Wayne
_98117
700 1 _aMitchell, Adam W.M.
_98118
942 _2ddc
_cBK
999 _c25485
_d25485